| 000 | 01256nam a2200361 i 4500 | ||
|---|---|---|---|
| 999 |
_c200452503 _d70715 |
||
| 001 | 200452503 | ||
| 003 | TR-AnTOB | ||
| 005 | 20230614001320.0 | ||
| 007 | ta | ||
| 008 | 000211s2002 tu d 000 0 tur d | ||
| 035 | _a(TR-AnTOB)200452503 | ||
| 040 |
_aTR-AnTOB _beng _erda _cTR-AnTOB |
||
| 041 | 0 | _atur | |
| 050 | 1 | 4 |
_aHC404.5 _b.M35 2002 |
| 090 |
_aHC404.5 _b.M35 2002 |
||
| 245 | 0 | 0 |
_aMakedonya / _chazırlayan Tuğrul Somuncuoğlu. |
| 264 | 1 |
_a[Place of publication not identified] : _bİGEME, _c2002. |
|
| 300 |
_a38 pages : _btables ; _c27 cm |
||
| 336 |
_atext _btxt _2rdacontent |
||
| 337 |
_aunmediated _bn _2rdamedia |
||
| 338 |
_avolume _bnc _2rdacarrier |
||
| 490 | 0 | _aBalkan Ülkeleri Raporları Serisi | |
| 504 | _aBIB | ||
| 651 | 7 |
_aKuzey Makedonya _xEkonomik durum _2etuturkob _9140824 |
|
| 651 | 7 |
_aKuzey Makedonya _xEkonomi politikası _2etuturkob _9140825 |
|
| 651 | 7 |
_aKuzey Makedonya _xDış ekonomik ilişkiler _zTürkiye _2etuturkob _9140823 |
|
| 651 | 0 |
_aTürkiye _xDış ekonomik ilişkiler _zKuzey Makedonya _918923 |
|
| 700 | 1 |
_aSomuncuoğlu, Tuğrul _eeditor _9141044 |
|
| 710 | 2 |
_aİhracatı Geliştirme Etüd Merkezi (Türkiye) _933777 |
|
| 942 |
_2lcc _cBK |
||